الأملاك والأوقاف المخلفة عن المغفور لهم الفريق جعفر الصادق باشا وحرميه السيدة رفيه خانم والسيدة ألفت خانم

محفوظ في:

المؤلف الرئيسي: Maḥmud Fah̲rī .

التنسيق: كتاب

اللغة: Undetermined

منشور في: Al-Qāhirah : matbaeat almaehad aleilmii alfaransii lilathar alsharqia, 1947.

الوسوم: إضافة وسم

لا توجد وسوم, كن أول من يضع وسما على هذه التسجيلة!

رقم الطلب: (F)DT97 .F36

LEADER 00548nam a2200121Ia 4500
008 240329s9999||||xx |||||||||||||| ||und||
050 4 |a (F)DT97 .F36 
100 1 |a Maḥmud Fah̲rī . 
245 1 0 |a الأملاك والأوقاف المخلفة عن المغفور لهم الفريق جعفر الصادق باشا وحرميه السيدة رفيه خانم والسيدة ألفت خانم   |c Maḥmud Fah̲rī  
264 1 |a Al-Qāhirah :  |b matbaeat almaehad aleilmii alfaransii lilathar alsharqia,  |c 1947. 
300 |a 76  |c 36 
942 |2 lcc  |c BK 
999 |c 57823  |d 57823